Čert a Káča – pokračování /
Čert a Káča – pokračování Káča se vrátila z pekla jako dívka, která se nebojí ani čerta, ani osudu. Jenže svět se mezitím změnil. Prameny ztrácejí hlas, staré smlouvy se rozpadají, v kraji se objevují bytosti z jiných světů a lidé zapomínají naslouchat tomu, co je drží pohromadě. Káča, Jirka a celá...
Uloženo v:
| Hlavní autor: | |
|---|---|
| Médium: | E-kniha |
| Jazyk: | Czech |
| Vydáno: |
Praha :
PPKPP,
2026
|
| Tagy: |
Žádné tagy |
| LEADER | 02046nam a22002297i 4500 | ||
|---|---|---|---|
| 001 | 299259 | ||
| 007 | ta | ||
| 008 | 260428s2026 xr ||||| |||| 00| 0 cze d | ||
| 020 | |a 9990004264977 | ||
| 044 | |a xr | ||
| 100 | 1 | |a Kostka, Pavel |4 aut | |
| 245 | 1 | 0 | |a Čert a Káča – pokračování / |c Kostka, Pavel |
| 264 | 1 | |a Praha : |b PPKPP, |c 2026 | |
| 300 | |a 1 online zdroj (104 stran) | ||
| 336 | |a text |b txt |2 rdacontent | ||
| 337 | |a bez média |b n |2 rdamedia | ||
| 338 | |a online zdroj |b cr |2 rdacarrier | ||
| 520 | 2 | |a Čert a Káča – pokračování Káča se vrátila z pekla jako dívka, která se nebojí ani čerta, ani osudu. Jenže svět se mezitím změnil. Prameny ztrácejí hlas, staré smlouvy se rozpadají, v kraji se objevují bytosti z jiných světů a lidé zapomínají naslouchat tomu, co je drží pohromadě. Káča, Jirka a celá vesnice jsou postaveni před zkoušky, které neřeší síla, ale odvaha, důvěra a schopnost vidět dál než na práh vlastního domu. Příběh navazuje na klasickou pohádku Boženy Němcové, ale rozvíjí ji do nového, bohatšího světa plného rituálů, prastarých bytostí, zkoušek srdce, moudrosti i naděje. Každá kapitola přináší nový úkol, nové tajemství a nové pochopení toho, že rovnováha mezi lidmi, přírodou a neviditelnými silami je křehká a přesto pevná, když se o ni pečuje. Čert a Káča – pokračování je pohádková próza o odvaze obyčejných lidí, o síle společného hlasu a o tom, že i malý čin může změnit celý kraj. Je to příběh o tom, že konec je vždy začátkem něčeho nového. | |
| 910 | |a RBIT002 | ||
| 998 | |d 426497 |a https://core.palmknihy.cz/api/books/426497/cover?te4yes |b https://core.palmknihy.cz/api/books/426497/cover/400?te4yes |c https://core.palmknihy.cz/api/books/426497/cover/50?te4yes |e |g 104 |i 9990004264977 |j https://core.palmknihy.cz/api/books/426497/preview.epub |k https://core.palmknihy.cz/api/books/426497/preview.pdf |l |q 49 |r 1 |s https://www.palmknihy.cz/kniha/426497 |t ebook |y 2026 |z 1 | ||
| 999 | |d 299257 | ||